Normal view
MARC view
- Carles Kittel, Walter D Knight, Malvin A Ruderman, Carl A Hemholz, Burton J Moyer
Entry Personal Name
001 - CONTROL NUMBER
- control field: 23836
003 - CONTROL NUMBER IDENTIFIER
- control field: NUST
005 - DATE AND TIME OF LATEST TRANSACTION
- control field: 20191014124922.0
008 - FIXED-LENGTH DATA ELEMENTS
- fixed length control field: 191014|| aca||aabn | a|a d
040 ## - CATALOGING SOURCE
- Original cataloging agency: NUST
- Transcribing agency: NUST
100 ## - HEADING--PERSONAL NAME
- Personal name: Carles Kittel, Walter D Knight, Malvin A Ruderman, Carl A Hemholz, Burton J Moyer
670 ## - SOURCE DATA FOUND
- Source citation: Work cat.: (NUST): Carles Kittel, Walter D Knight, Malvin A Ruderman, Carl A Hemholz, Burton J Moyer, Berkeley Physics Courcse Mechanics(Vol 1) in SI Units, 2011
